[Event "Challenge"]
[Site "http://www.queenalice.com/game.php?id=229042"]
[Date "2007.6.22"]
[Round "-"]
[White "totomike"]
[Black "RayDuque3"]
[Result "0-1"]
[WhiteElo "1579"]
[BlackElo "1627"]

1. e4 e5 2. Bc4 Nf6 3. Nf3 Nxe4 4. Nxe5 d5 5. Bb3 Qf6 6. Qf3 Qxe5 7. O-O Be6 8.
d3 Nf6 9. Nc3 Be7 10. Bf4 Qf5 11. Rae1 O-O 12. Re5 Qg4 13. Bxd5 Bxd5 14. Qxg4
Nxg4 15. Rxe7 Bc6 16. Rxc7 Na6 17. h3 Nxc7 18. Bxc7 Nf6 19. Re1 Rac8 20. Bd6
Rfe8 21. Rxe8+ Rxe8 22. Kf1 Nd5 23. Nd1 Re6 24. Bg3 Nb4 25. c4 Nxd3 26. f3 Nb4
27. a3 Nd3 28. b4 Ba4 29. Nc3 Bb3 30. c5 Ra6 31. Ke2 Nc1+ 32. Kd2 Na2 33. Nb5
Be6 34. Nc7 Rxa3 35. Nb5 Rb3 36. Bf2 a6 37. Nd4 Rxb4 38. Nc2 Rb2 39. Bd4 Rb3 40.
Na1 Rb5 41. Kd3 Nb4+ 42. Kc3 Nd5+ 43. Kd3 Nf4+ 44. Ke4 Nxg2 45. Nc2 Nh4 46. Bf2
Ng6 47. Na3 Rb4+ 0-1

[Event "AUTO-INT-630"]
[Site "http://www.queenalice.com/game.php?id=277978"]
[Date "2007.9.27"]
[Round "1"]
[White "RayDuque3"]
[Black "FOS2006"]
[Result "1/2-1/2"]
[WhiteElo "1669"]
[BlackElo "1669"]

1. e4 e5 2. Nf3 Bd6 3. d4 f6 4. dxe5 fxe5 5. Bg5 Nf6 6. Bc4 Nc6 7. Nc3 Bb4 8.
O-O Bxc3 9. bxc3 d6 10. Qe2 Qe7 11. Nh4 Bd7 12. Bxf6 Qxf6 13. Nf3 O-O-O 14. a4
Na5 15. Ba6 Bc6 16. Bb5 Bxb5 17. Qxb5 Nc6 18. a5 Nb8 19. c4 c6 20. Qb3 Na6 21.
Rab1 Rd7 22. Nd2 c5 23. c3 Kd8 24. Qd1 Rf8 25. Nf3 g5 26. Rb2 g4 27. Nd2 h5 28.
Qb1 Rff7 29. f3 Qg5 30. fxg4 Qe3+ 31. Kh1 hxg4 32. Rxf7 Rxf7 33. Qd1 Qxc3 34.
Kg1 Qxb2 35. h3 gxh3 36. gxh3 Qd4+ 37. Kh1 Rf2 38. Qg1 Qxd2 39. Qg8+ Ke7 40.
Qh7+ Rf7 41. Qh4+ Kd7 42. Qg4+ Kc7 43. Qg1 Qd3 44. Kh2 Qe2+ 45. Kh1 Rf1 46. Qxf1
Qxf1+ 47. Kh2 Qe2+ 48. Kg3 Qxe4 49. h4 Qxc4 50. h5 Nb4 51. h6 Qf4+ 52. Kg2 Qxh6
53. Kf3 Qf4+ 54. Ke2 e4 55. a6 Nxa6 56. Ke1 e3 57. Ke2 c4 58. Kd1 c3 59. Kc2 e2
60. Kxc3 e1=Q+ 61. Kc2 Qfe3 62. Kb2 Q1c3+ 63. Kb1 Qed2 1/2-1/2

[Event "AUTO-INT-630"]
[Site "http://www.queenalice.com/game.php?id=277980"]
[Date "2007.9.27"]
[Round "1"]
[White "RayDuque3"]
[Black "dida"]
[Result "1-0"]
[WhiteElo "1660"]
[BlackElo "1293"]

1. e4 e5 2. Bc4 Nc6 3. Qf3 Nf6 4. c3 Bc5 5. d3 d6 6. h3 h6 7. Be3 b6 8. Ne2 Qe7
9. d4 exd4 10. cxd4 Qxe4 11. Qg3 Bf5 12. Qxg7 Bb4+ 13. Nbc3 Bxc3+ 14. Nxc3 O-O-O
15. Qxf6 Qc2 16. Ba6+ Kb8 17. Rc1 Qxb2 18. O-O Bd3 19. Bxd3 Rhf8 20. Bxh6 Rh8
21. Bg7 Rhe8 22. Qxf7 Nxd4 23. Bxd4 Qa3 24. Nb5 Rc8 25. Rxc7 Red8 26. Rb7+ Ka8
27. Rxa7+ Qxa7 28. Qxa7# 1-0

[Event "AUTO-INT-630"]
[Site "http://www.queenalice.com/game.php?id=277981"]
[Date "2007.9.27"]
[Round "1"]
[White "dida"]
[Black "RayDuque3"]
[Result "0-1"]
[WhiteElo "1379"]
[BlackElo "1662"]

1. e4 e5 2. Nc3 Nc6 3. Nf3 Nf6 4. Bc4 Bb4 5. Ng5 d5 6. Bxd5 Nxd5 7. Nxd5 Be7 8.
d3 f6 9. Nxe7 Qxe7 10. Nf3 Bg4 11. h3 Bh5 12. g4 Bf7 13. c3 O-O 14. g5 fxg5 15.
Nxg5 Rae8 16. Qg4 Nd8 17. Be3 Ne6 18. Nxh7 Kxh7 19. h4 Rh8 20. h5 Kg8 21. O-O-O
b6 22. h6 g6 23. h7+ Kg7 24. Rh6 Nf8 25. Bg5 Qe6 26. f3 Qxg4 27. fxg4 Rxh7 28.
Rdh1 Bxa2 29. b4 Be6 30. Rf1 Rxh6 31. Bf6+ Kg8 32. Bxe5 Bxg4 33. Bxc7 Rh3 34.
Rg1 Be2 35. Kd2 Bxd3 36. e5 Bf5 37. Re1 Ne6 38. Bd6 Rc8 39. Be7 Rcxc3 40. b5 Rb3
41. Ke2 Nd4+ 42. Kd2 Rh2+ 43. Re2 Rxe2+ 44. Kc1 Rb1# 0-1

[Event "AUTO-INT-630"]
[Site "http://www.queenalice.com/game.php?id=277982"]
[Date "2007.9.27"]
[Round "1"]
[White "RayDuque3"]
[Black "jw16js"]
[Result "1-0"]
[WhiteElo "1651"]
[BlackElo "1472"]

1. e4 e5 2. Nf3 Qe7 3. g3 Nf6 4. d3 Nc6 5. Bg2 Qc5 6. O-O h6 7. Be3 Qe7 8. Re1
Qb4 9. b3 Ng4 10. h3 Nxe3 11. Rxe3 Bc5 12. c3 Qb6 13. Re2 d6 14. b4 Bxf2+ 15.
Rxf2 Be6 16. Qe1 O-O-O 17. Kh2 g5 18. a4 f6 19. a5 Qb5 20. c4 Bxc4 21. dxc4 Qxc4
22. Na3 Qe6 23. g4 Nd4 24. Nxd4 Qd7 25. Rxf6 exd4 26. Qd2 c5 27. b5 Qg7 28. Raf1
Qe7 29. Qd3 Rhf8 30. R6f5 Rf7 31. Nc4 Rxf5 32. exf5 Qf7 33. Qf3 Rd7 34. Qg3 Qxc4
35. b6 a6 36. Rf2 d3 37. Rd2 Qc3 38. Qe3 Qe5+ 39. Qg3 c4 40. Qxe5 dxe5 41. Be4
Rd4 42. Bf3 c3 43. Rd1 c2 44. Rc1 Rf4 45. Bd5 Ra4 46. Bb3 Re4 47. Bxc2 Re2+ 48.
Kg3 Rxc2 49. Rd1 d2 50. f6 Rc3+ 51. Kf2 e4 52. Ke2 e3 53. f7 Rc1 54. f8=Q+ Kd7
55. Qf5+ Kc6 56. Qe4+ Kb5 57. Qxe3 Rxd1 58. Kxd1 Kxa5 59. Kxd2 Kb5 60. Kc3 a5
61. Kb3 1-0

[Event "AUTO-INT-630"]
[Site "http://www.queenalice.com/game.php?id=277983"]
[Date "2007.9.27"]
[Round "1"]
[White "jw16js"]
[Black "RayDuque3"]
[Result "0-1"]
[WhiteElo "1489"]
[BlackElo "1641"]

1. e4 e5 2. Bc4 Nc6 3. c3 Nf6 4. Qf3 Bc5 5. Ne2 O-O 6. Qg3 d6 7. d3 g6 8. Bh6
Re8 9. Bg5 Be6 10. Bb5 a6 11. Bxc6 bxc6 12. Bh4 Qe7 13. Nd2 Bd7 14. h3 Qe6 15.
Qf3 Nh5 16. g4 Ng7 17. Bg5 d5 18. b4 Be7 19. Bh6 dxe4 20. dxe4 Bf8 21. Bg5 c5
22. bxc5 Bxc5 23. Bh6 Bb5 24. Nb3 Bb6 25. O-O Rad8 26. Rfd1 Rd6 27. Ng3 Red8 28.
Bd2 Rd3 29. Be3 Bxe3 30. Nc5 Bxc5 31. Rxd3 Rxd3 32. Qg2 Qf6 33. Rf1 Ne6 34. Nf5
Kh8 35. Rc1 gxf5 36. c4 Bd7 37. Qf1 Rf3 38. Rc2 fxg4 39. Qe2 gxh3 40. Qd1 Qg5+
41. Kf1 Qg2+ 42. Ke1 Qxf2+ 43. Rxf2 Bxf2+ 44. Ke2 Nd4+ 45. Kd2 Be3+ 46. Kc3 Rf2
47. Kd3 Rd2+ 48. Qxd2 Bxd2 49. Kxd2 h2 50. Kc3 h1=Q 51. Kb4 Qe1+ 52. Ka3 Qc3#
0-1

[Event "Challenge"]
[Site "http://www.queenalice.com/game.php?id=291634"]
[Date "2007.10.23"]
[Round "-"]
[White "RayDuque3"]
[Black "guitarsoldier"]
[Result "1-0"]
[WhiteElo "1667"]
[BlackElo "1100"]

1. e4 e5 2. Bc4 Nc6 3. Qf3 Nf6 4. c3 Be7 5. d3 h6 6. Ne2 Na5 7. Bb3 Nxb3 8. axb3
Nh7 9. O-O Bg5 10. Be3 d6 11. c4 a6 12. Nbc3 Qf6 13. Qxf6 Bxf6 14. b4 Bg4 15. f3
Bd7 16. Nd5 O-O-O 17. c5 Bb5 18. Rfd1 Rhe8 19. Nec3 dxc5 20. bxc5 Bc6 21. Nb4
1-0

[Event "Challenge"]
[Site "http://www.queenalice.com/game.php?id=315053"]
[Date "2007.12.4"]
[Round "-"]
[White "RayDuque3"]
[Black "jnable"]
[Result "0-1"]
[WhiteElo "1669"]
[BlackElo "2004"]

1. e4 c5 2. Bc4 e6 3. Nf3 Nc6 4. d4 Nf6 5. Bg5 cxd4 6. Nxd4 Qa5+ 7. Nc3 Qxg5 8.
g3 Bc5 9. f4 Qg6 10. Nf3 O-O 11. Nh4 Qh6 12. Qf3 Nd4 13. Qg2 d5 14. exd5 exd5
15. Nxd5 Re8+ 16. Kd1 Bg4+ 17. Kc1 Nxd5 18. Qxd5 Ne6 19. Qxb7 Nxf4 20. Bxf7+ Kf8
21. Bxe8 Ne2+ 22. Kb1 Rxe8 23. Rf1+ Nf4 24. Rxf4+ Qxf4 25. a3 Qf1+ 26. Ka2 Be6+
27. b3 Qe2 28. Qg2 Qa6 29. a4 Qxa4+ 30. Kb1 Qd4 31. Ra4 Qd1+ 32. Ka2 Bd4 33. Ka3
Qa1+ 34. Kb4 Rb8+ 35. Ka5 Qc3+ 36. Ka6 Bc8+ 0-1

[Event "Challenge"]
[Site "http://www.queenalice.com/game.php?id=323662"]
[Date "2007.12.21"]
[Round "-"]
[White "AndreBrasil"]
[Black "RayDuque3"]
[Result "0-1"]
[WhiteElo "1049"]
[BlackElo "1666"]

1. e4 e5 2. Nf3 Nc6 3. Bb5 Nf6 4. Bxc6 dxc6 5. d3 Bd6 6. Bg5 Bg4 7. h3 Bh5 8. g4
Bg6 9. a3 h6 10. Bxf6 Qxf6 11. h4 O-O-O 12. h5 Bh7 13. Nc3 g6 14. Qd2 Qxf3 15.
hxg6 Qxh1+ 16. Ke2 Qxa1 17. gxf7 Rdf8 18. Qxh6 Qxb2 19. Qe6+ Kb8 20. Kd2 Qxa3
0-1

[Event "Challenge"]
[Site "http://www.queenalice.com/game.php?id=343430"]
[Date "2008.1.26"]
[Round "-"]
[White "RayDuque3"]
[Black "Sabaak_No_Gaara"]
[Result "1-0"]
[WhiteElo "1660"]
[BlackElo "1866"]

1. e4 c5 2. g3 Nc6 3. Bg2 Nf6 4. c3 g6 5. Qc2 Bg7 6. Nf3 O-O 7. O-O e6 8. d4
cxd4 9. cxd4 Nb4 10. Qc4 a5 11. a3 d5 12. exd5 exd5 13. Qb3 Ra6 14. axb4 b5 15.
bxa5 Rxa5 16. Rxa5 Qxa5 17. Nc3 Be6 18. Qxb5 Qxb5 19. Nxb5 Bc8 20. Bg5 Ba6 21.
Rc1 Bxb5 22. Rc5 Bc4 23. h3 Ne4 24. Rc7 Nxg5 25. Nxg5 Bxd4 26. Rd7 Bxb2 27. Bxd5
Bxd5 28. Rxd5 h6 29. Nf3 Rc8 30. Rd2 Bf6 31. Rd7 Kf8 32. Nd2 Rc1+ 33. Kg2 Rd1
34. Kf3 Bc3 35. Ke2 Rxd2+ 36. Rxd2 Bxd2 37. Kxd2 Ke7 38. Ke3 Ke6 39. Ke4 f5+ 40.
Ke3 g5 41. f4 Kf6 42. fxg5+ Kxg5 43. Kf3 h5 44. h4+ Kf6 45. Kf4 Kg6 46. Ke5 f4
47. gxf4 Kh6 48. Kf6 1-0

[Event "Challenge"]
[Site "http://www.queenalice.com/game.php?id=343609"]
[Date "2008.1.27"]
[Round "-"]
[White "RayDuque3"]
[Black "luongo_00001"]
[Result "1-0"]
[WhiteElo "1668"]
[BlackElo "1545"]

1. e4 Nf6 2. Nc3 d5 3. e5 Nfd7 4. d4 Nc6 5. Be3 e6 6. g3 Bb4 7. Ne2 O-O 8. Bg2
b6 9. O-O Ba6 10. Nf4 Bxc3 11. bxc3 Bxf1 12. Bxf1 a5 13. Nh5 h6 14. Qg4 g5 15.
h4 f6 16. exf6 Kf7 17. hxg5 Rg8 18. Ng7 Qf8 19. Qh5# 1-0

[Event "AUTO-INT-630"]
[Site "http://www.queenalice.com/game.php?id=348569"]
[Date "2008.2.4"]
[Round "2"]
[White "RayDuque3"]
[Black "Deutsch88"]
[Result "0-1"]
[WhiteElo "1690"]
[BlackElo "1829"]

1. e4 c6 2. d4 d6 3. Bc4 b5 4. Bb3 Nf6 5. Qe2 e5 6. dxe5 dxe5 7. Bg5 Nbd7 8. Nf3
Qc7 9. c4 a6 10. O-O Be7 11. Nbd2 Nc5 12. cxb5 axb5 13. Bc2 Be6 14. b3 O-O 15.
Be3 Nfd7 16. Bg5 Bxg5 17. Nxg5 Ra7 18. b4 h6 19. bxc5 hxg5 20. Qh5 Nxc5 21. Qxg5
Rxa2 22. Rxa2 Bxa2 23. f4 Ne6 24. Qh4 Nxf4 25. Bd1 Qd6 26. Qf2 Rd8 27. g3 Nh3+
28. Kg2 Nxf2 29. Rxf2 Qxd2 30. Bg4 Qxf2+ 31. Kxf2 Rd2+ 32. Kg1 b4 33. Bd7 b3 34.
Bxc6 b2 0-1

[Event "AUTO-INT-630"]
[Site "http://www.queenalice.com/game.php?id=348570"]
[Date "2008.2.4"]
[Round "2"]
[White "Deutsch88"]
[Black "RayDuque3"]
[Result "1-0"]
[WhiteElo "1842"]
[BlackElo "1693"]

1. g3 e5 2. d3 d5 3. Bg2 Be6 4. Nf3 e4 5. dxe4 dxe4 6. Qxd8+ Kxd8 7. Ng5 Nf6 8.
Nxe6+ fxe6 9. Bg5 Nd7 10. Bxe4 c6 11. O-O Kc7 12. Bg2 Re8 13. Nc3 Bd6 14. Rad1
Nd5 15. Nxd5+ exd5 16. Rfe1 h6 17. Bc1 Nb6 18. c3 g5 19. b3 Rd8 20. Bb2 Rhg8 21.
e4 dxe4 22. Bxe4 Rge8 23. c4 Nd7 24. Bf3 Nc5 25. Rxe8 Rxe8 26. Bc3 Nd7 27. Bg7
Ne5 28. Bg2 h5 29. Kf1 Nd7 30. Re1 Rxe1+ 31. Kxe1 Be5 32. Bxe5+ Nxe5 33. Ke2 Kd6
34. Be4 a5 35. h3 h4 36. f4 gxf4 37. gxf4 Nd7 38. Kf3 Kc5 39. f5 Nf6 40. Kf4 Kd4
41. Bf3 Nd7 42. Kg5 Ke3 43. Bg4 Ne5 44. Kxh4 Kf4 45. Kh5 Ke4 46. f6 Kd4 47. Kg5
Kc3 48. Be6 Kb2 49. f7 Nxf7+ 50. Bxf7 Kxa2 51. c5 1-0

[Event "AUTO-INT-630"]
[Site "http://www.queenalice.com/game.php?id=348571"]
[Date "2008.2.4"]
[Round "2"]
[White "RayDuque3"]
[Black "Cristianopesoa"]
[Result "1/2-1/2"]
[WhiteElo "1690"]
[BlackElo "1648"]

1. e4 e5 2. Bc4 Nf6 3. Nc3 Nc6 4. Nf3 Bc5 5. Be2 d6 6. O-O Bg4 7. d3 h6 8. h3
Bxf3 9. Bxf3 Nd4 10. Nd5 Nxd5 11. exd5 Qh4 12. Be3 f5 13. Bh5+ Kd7 14. Bf7 g5
15. Bxd4 Bxd4 16. c3 Bb6 17. Be6+ Ke7 18. Bxf5 h5 19. d4 Rhf8 20. Qd3 Rf6 21.
Be4 Raf8 22. f3 g4 23. f4 gxh3 24. Qxh3 Qxh3 25. gxh3 Rg8+ 26. Kh2 h4 27. dxe5
dxe5 28. fxe5 Rxf1 29. Rxf1 Be3 30. c4 Bd4 31. e6 Be5+ 32. Kh1 Rg3 33. Rf3 Rxf3
34. Bxf3 Bxb2 35. Kg2 Ba3 36. Be2 c6 37. Kf3 cxd5 38. cxd5 Kd6 39. Kg4 Kxd5 40.
e7 Bxe7 41. Bf3+ Ke5 42. Bxb7 Kd4 43. Bc8 Kc5 44. a4 a5 45. Kf5 Kd6 46. Ba6 Kc5
47. Bc8 Kb4 48. Bd7 Kc5 49. Ke6 Bd8 50. Ke5 Bc7+ 51. Kf5 Kd6 52. Bb5 Kd5 53. Kg5
Bg3 54. Bd7 Ke4 55. Kf6 Kf3 1/2-1/2

[Event "AUTO-INT-630"]
[Site "http://www.queenalice.com/game.php?id=348572"]
[Date "2008.2.4"]
[Round "2"]
[White "Cristianopesoa"]
[Black "RayDuque3"]
[Result "1-0"]
[WhiteElo "1596"]
[BlackElo "1679"]

1. e4 e5 2. Bc4 Qf6 3. Nf3 d6 4. Nc3 c6 5. d3 Be6 6. Bg5 Qg6 7. Qd2 Bxc4 8. dxc4
f6 9. Be3 Qf7 10. c5 dxc5 11. O-O-O Qc7 12. h4 Nd7 13. Qe2 Nh6 14. Rd2 O-O-O 15.
g4 Nf7 16. g5 Be7 17. gxf6 Bxf6 18. Qc4 Rhf8 19. Rhd1 b6 20. Qa6+ Kb8 21. Na4 b5
22. Bxc5 Nxc5 23. Nxc5 Rxd2 24. Rxd2 Rd8 25. Rxd8+ Nxd8 26. h5 Qb6 27. Nd7+ 1-0

[Event "Hello"]
[Site "http://www.queenalice.com/game.php?id=391846"]
[Date "2008.4.22"]
[Round "-"]
[White "soccer6"]
[Black "RayDuque3"]
[Result "0-1"]
[WhiteElo "1402"]
[BlackElo "1688"]

1. e4 e5 2. g3 g6 3. Nf3 Bg7 4. Bg2 Ne7 5. O-O O-O 6. d3 d5 7. Nc3 dxe4 8. Nxe4
b6 9. c3 Bb7 10. Ne1 Nbc6 11. a3 f5 12. Nd2 Rb8 13. b4 a6 14. Nc2 Na7 15. Qe2
Bxg2 16. Kxg2 c6 17. Rb1 b5 18. Bb2 Qd6 19. Qe3 Qc7 20. Nf3 f4 21. Qe2 fxg3 22.
Kxg3 Nd5 23. Kg2 Rbe8 24. Ng5 Nf4+ 25. Kf3 Nxe2+ 26. Kxe2 Qe7 27. Ne4 Nc8 28. f3
Nd6 29. Nxd6 Qxd6 30. c4 bxc4 31. dxc4 Qe6 32. c5 Qc4+ 33. Kf2 Qh4+ 34. Kg2 Rf4
35. Rf2 Ref8 0-1

[Event "Challenge"]
[Site "http://www.queenalice.com/game.php?id=407968"]
[Date "2008.5.25"]
[Round "-"]
[White "gotinha"]
[Black "RayDuque3"]
[Result "1-0"]
[WhiteElo "1667"]
[BlackElo "1701"]

1. e4 e5 2. Nf3 d6 3. Bb5+ Bd7 4. Nc3 Bxb5 5. Nxb5 Qd7 6. c4 a6 7. Nc3 Nc6 8. d4
exd4 9. Nxd4 Nxd4 10. Qxd4 Nf6 11. Bg5 Be7 12. e5 dxe5 13. Qxe5 O-O 14. Bxf6
Bxf6 15. Rd1 Qg4 16. Qd5 Rfe8+ 17. Kd2 Rad8 18. Qxd8 Rxd8+ 19. Nd5 Qxc4 20. Ke3
Rxd5 21. Rxd5 1-0

[Event "Challenge"]
[Site "http://www.queenalice.com/game.php?id=419533"]
[Date "2008.6.18"]
[Round "-"]
[White "gilberth1"]
[Black "RayDuque3"]
[Result "0-1"]
[WhiteElo "1495"]
[BlackElo "1693"]

1. e4 e5 2. Nc3 Nf6 3. Bc4 Bc5 4. d3 O-O 5. Be3 Bxe3 6. fxe3 d6 7. Nf3 Bg4 8.
O-O c6 9. a4 Nbd7 10. d4 exd4 11. exd4 a6 12. Qd3 Be6 13. Bxe6 fxe6 14. b4 e5
15. Rad1 Qe7 16. dxe5 dxe5 17. Qc4+ Kh8 18. Qb3 c5 19. Nd5 Nxd5 20. exd5 cxb4
21. d6 Qe8 22. Qxb4 Rb8 23. Rde1 b5 24. c3 Qh5 25. Qa5 bxa4 26. Qxa4 Rf7 27.
Qxa6 Rbf8 28. Nd2 Rxf1+ 29. Rxf1 Rxf1+ 30. Kxf1 h6 31. Qc8+ Kh7 32. Kg1 Qd1+ 0-1